000 00653nam a2200121Ia 4500
008 220615s9999||||xx |||||||||||||| ||und||
245 4 _aThe Saburo Hasegawa Reader
546 _aEnglish[eng]
650 _aSaburo Hasegawa||Isamu Noguchi||Japan||United States||New York||San Francisco||abstract art||transnationalism
700 _aJohnson, Mark Dean||Hart, Dakin
856 _uhttps://library.oapen.org/bitstream/20.500.12657/25003/1/the-saburo-hasegawa-reader.pdf||https://library.oapen.org/bitstream/20.500.12657/25003/1/the-saburo-hasegawa-reader.pdf||https://library.oapen.org/bitstream/20.500.12657/25003/1/the-saburo-hasegawa-reader.pdf
942 _cEB
999 _c9858
_d9858